MARC details
| 000 -LEADER |
| fixed length control field |
01519cam a2200385 i 4500 |
| 001 - CONTROL NUMBER |
| control field |
200468140 |
| 003 - CONTROL NUMBER IDENTIFIER |
| control field |
TR-AnTOB |
| 005 - DATE AND TIME OF LATEST TRANSACTION |
| control field |
20260416111719.0 |
| 007 - PHYSICAL DESCRIPTION FIXED FIELD--GENERAL INFORMATION |
| fixed length control field |
ta |
| 008 - FIXED-LENGTH DATA ELEMENTS--GENERAL INFORMATION |
| fixed length control field |
180223s2018 tu ||| o |||| 0|eng |
| 020 ## - INTERNATIONAL STANDARD BOOK NUMBER |
| International Standard Book Number |
9783319664569 |
|
| International Standard Book Number |
978319664552 |
| 024 7# - OTHER STANDARD IDENTIFIER |
| Standard number or code |
10.1007/978-3-319-66456-9 |
| Source of number or code |
doi |
| 040 ## - CATALOGING SOURCE |
| Original cataloging agency |
DLC |
| Language of cataloging |
eng |
| Description conventions |
pn |
| -- |
rda |
| Transcribing agency |
DLC |
| Modifying agency |
TR-AnTOB |
| 041 ## - LANGUAGE CODE |
| Language code of text/sound track or separate title |
İngilizce |
| 050 14 - LIBRARY OF CONGRESS CALL NUMBER |
| Classification number |
QA371 |
| Item number |
.E247 2018 |
| 090 ## - LOCALLY ASSIGNED LC-TYPE CALL NUMBER (OCLC); LOCAL CALL NUMBER (RLIN) |
| Classification number (OCLC) (R) ; Classification number, CALL (RLIN) (NR) |
QA371 |
| Local cutter number (OCLC) ; Book number/undivided call number, CALL (RLIN) |
.E247 2018 |
| 100 1# - MAIN ENTRY--PERSONAL NAME |
| Personal name |
Ebert, Marcelo R, |
| Relator term |
author |
| 9 (RLIN) |
153707 |
| 245 10 - TITLE STATEMENT |
| Title |
Methods for partial differential equations : |
| Remainder of title |
qualitative properties of solutions, phase space analysis, semilinear models / |
| Statement of responsibility, etc. |
by Marcelo R. Ebert, Michael Reissig. |
| 264 #1 - PRODUCTION, PUBLICATION, DISTRIBUTION, MANUFACTURE, AND COPYRIGHT NOTICE |
| Place of production, publication, distribution, manufacture |
Cham : |
| Name of producer, publisher, distributor, manufacturer |
Springer International Publishing : |
| -- |
Imprint: Birkhäuser, |
| Date of production, publication, distribution, manufacture, or copyright notice |
2018. |
| 300 ## - PHYSICAL DESCRIPTION |
| Extent |
xix, 479 pages ; |
| Dimensions |
23 cm |
| 336 ## - CONTENT TYPE |
| Content type term |
text |
| Content type code |
txt |
| Source |
rdacontent |
| 337 ## - MEDIA TYPE |
| Media type term |
computer |
| Media type code |
c |
| Source |
rdamedia |
| 338 ## - CARRIER TYPE |
| Carrier type term |
online resource |
| Carrier type code |
cr |
| Source |
rdacarrier |
| 347 ## - DIGITAL FILE CHARACTERISTICS |
| File type |
text file |
| Encoding format |
PDF |
| Source |
rda |
| 588 ## - SOURCE OF DESCRIPTION NOTE |
| Source of description note |
Description based on publisher-supplied MARC data. |
| 650 #0 - SUBJECT ADDED ENTRY--TOPICAL TERM |
| Topical term or geographic name entry element |
Differential equations, Partial |
| 9 (RLIN) |
1008 |
| 700 1# - ADDED ENTRY--PERSONAL NAME |
| Personal name |
Reissig, Michael |
| Relator term |
author |
| 9 (RLIN) |
153711 |
| 776 08 - ADDITIONAL PHYSICAL FORM ENTRY |
| Relationship information |
Print version: |
| Title |
Methods for partial differential equations : qualitative properties of solutions, phase space analysis, semilinear models |
| International Standard Book Number |
9783319664552 |
| Record control number |
(DLC) 2017963017 |
|
| Relationship information |
Printed edition: |
| International Standard Book Number |
9783030097721 |
|
| Relationship information |
Printed edition: |
| International Standard Book Number |
9783319664552 |
|
| Relationship information |
Printed edition: |
| International Standard Book Number |
9783319664576 |
| 942 ## - ADDED ENTRY ELEMENTS (KOHA) |
| Source of classification or shelving scheme |
Library of Congress Classification |
| Koha item type |
Book |